000 004580000a22001810004500
003 MACL
005 20160119145404.0
008 160119b xxu||||| |||| 00| 0 eng d
040 _aMACL
_cMACL
041 _aEnglish
082 _a004.03/BRI
100 _aChhatwal, Dr G R
_933254
245 _aA Dictionary of Computers
260 _bBright Careers Institute
_aNew Delhi
350 _a75
650 _aComputer Science
_916
942 _cBK
_k004.03/BRI
_2ddc
999 _c32589
_d32589